000 00547nam a22001697a 4500
003 PILC
005 20150112093448.0
008 131018t xxu||||| |||| 00| 0 eng d
020 _a0321331850
050 _aHG 173
_b.M632 2006
100 _aMishkin, Frederick S.
_930023
245 _aThe economics of money, banking, and financial markets /
_cFrederick S. Mishkin.
250 _a7th ed. ed.
260 _aUnited States of America ;
_bPearson Addison Wesley ,
_xyz2006.
300 _a679 pages :
_bcolored illustration ;
_c27 cm.
942 _2lcc
_cBK
999 _c14994
_d14994